000 00538cam a2200133 4500500
005 20260111091250.0
041 _afre
042 _adc
245 0 0 _aOnfray M. Traité d’athéologie. Physique de la métaphysique, Paris, Grasset, 2005, 23x14, 282 p., 18.50 €. ISBN 2-246-64801-7
260 _c2005.
500 _a42
786 0 _nNouvelle revue théologique | 127 | 4 | 2005-12-15 | p. 666e-679e | 0029-4845
856 4 1 _uhttps://shs.cairn.info/revue-nouvelle-revue-theologique-2005-4-page-666e?lang=fr&redirect-ssocas=7080
999 _c1620770
_d1620770